All Lorax Characters - Statistics

General Stats
  • This quiz has been taken 214 times
    196 since last reset
  • The average score is 8 of 46
Answer Stats
Character % Correct
Lorax
93%
Ted
85%
Onceler
81%
O'Hare
76%
Audrey
64%
Granny Norma
53%
Marie
40%
Rose
38%
Dan
36%
Wesley
30%
Bret
26%
Chet
24%
Pipsqueak
21%
Aunt Grizelda
19%
Sai
16%
Bernice Wiggins
13%
Ubb
11%
McGurk
8%
Morty
8%
Melvin
7%
Thneed
7%
Air
5%
Fat Bear
4%
Acrobat Man
3%
Great Great Great Grandfather Snail
3%
96 Batteries Men
2%
Acrobat Woman
2%
Butterfly Catcher
2%
Delicious Cookies
2%
Doctor
2%
Exercise Man
2%
Flying Nun
2%
Gay Couple
2%
Isabella Isabella
2%
O'Hare Sales Team
2%
O'Hare's Head
2%
Pancake Fish
2%
The Man Who Fainted
2%
The Old Crows
2%
The Seed
2%
Tomato Child
2%
Trendy Hat Lady
2%
Twerkers
2%
Zeppelin
2%
Parking Lot Man
1%
Perv
1%
No matching quizzes found
Score Distribution
Percent of People with Each Score
Percentile by Number Answered
Your Score History
You have not taken this quiz since the last reset